Hypixel Network Gamemodes - Statistics

General Stats
  • This quiz has been taken 159 times
    109 since last reset
  • The average score is 5 of 17
Answer Stats
Hypixel Network Gamemodes % Correct
Bedwars
99%
Skywars
96%
Arcade Games
34%
UHC Champions
31%
Mega Walls
27%
Blitz Survival Games
25%
VampireZ
25%
TNT Games
24%
Smash Heroes
22%
Turbo Kart Racers
21%
Quakecraft
18%
Warlords
18%
Cops and Crims
16%
Paintball
16%
Arena Brawl
13%
The Walls
12%
Crazy Walls
9%
No matching quizzes found
Score Distribution
Percent of People with Each Score
Percentile by Number Answered
Your Score History
You have not taken this quiz since the last reset